LIBRARY ONLINE CATALOGUE

African examples : (Record no. 13038)

MARC details
000 -LEADER
fixed length control field 00655nam a22002052 4500
001 - CONTROL NUMBER
control field 0000007070
005 - DATE AND TIME OF LATEST TRANSACTION
control field 20151217155831.0
008 - FIXED-LENGTH DATA ELEMENTS--GENERAL INFORMATION
fixed length control field 071110s xx 000 0 eng d
020 ## - INTERNATIONAL STANDARD BOOK NUMBER
International Standard Book Number 9966990003 :
Terms of availability KES 165
040 ## - CATALOGING SOURCE
Original cataloging agency KABU
Transcribing agency KABU
100 1# - MAIN ENTRY--PERSONAL NAME
Personal name Outa, G. Odera.
-- 0000158112
245 10 - TITLE STATEMENT
Title African examples :
Remainder of title inspirations for achievement and personal fulfilment /
Statement of responsibility, etc. G. Odera Outa.
260 ## - PUBLICATION, DISTRIBUTION, ETC. (IMPRINT)
Place of publication, distribution, etc. Nairobi :
Name of publisher, distributor, etc. OCTAWNS,
Date of publication, distribution, etc. 1993.
300 ## - PHYSICAL DESCRIPTION
Extent 100 p.
650 #0 - SUBJECT ADDED ENTRY--TOPICAL TERM
Topical term or geographic name as entry element Kenya
General subdivision Biography.
-- 0000158113
650 #0 - SUBJECT ADDED ENTRY--TOPICAL TERM
Topical term or geographic name as entry element Africa
General subdivision Biography
Chronological subdivision 20th Century.
-- 0000158114
908 ## - PUT COMMAND PARAMETER (RLIN)
Put command parameter 071110
950 ## - LOCAL HOLDINGS (RLIN)
-- 1
Holdings
Withdrawn status Lost status Source of classification or shelving scheme Not for loan Home library Current library Date acquired Total Checkouts Full call number Barcode Date last seen Price effective from Koha item type
    Library of Congress Classification   Kabarak, Main Campus Kabarak, Main Campus 17/12/2015   DT433.552 O98 011008 17/12/2015 17/12/2015 Africana Collection